000 00403 a2200157 4500
003 Nust
005 20170207171856.0
040 _cNust
082 _a005.1
100 _aJajangir, Maham (MSCS-21)
245 _aEnhanced Expert Systems for Medical Diagnostic Design Data Mining
_cMaham Jahangir
260 _aRawalpindi
_bMCS,NUST
_cJune 2016
300 _ax, 67 p
650 _aPG Thesis MSCS
651 _aMSCS-21
942 _cTHS
999 _c219411
_d219411